40 Most Famous Cities in Croatia on a Map - Statistics

General Stats
  • This quiz has been taken 199 times
  • The average score is 22 of 43
Answers on the Map
Answers color-coded by a green-red scale on the quiz's map according to % correct below.
 
Answer Stats
Wiki Monthly Views Cityquiz Mention Rate Population Answers % Correct
141.52K 62.01% 663.59K Zagreb
99%
104.75K 24.22% 149.83K Split
98%
143.79K 20.56% 26.92K Dubrovnik
94%
75.78K 10.18% 107.96K Rijeka
87%
69.96K 10.05% 67.31K Zadar
85%
60.42K 9.15% 52.22K Pula
82%
27.84K 4.96% 75.53K Osijek
75%
23.48K 3.60% 3.94K Krk
63%
24.07K 2.30% 22.25K Vukovar
63%
24.61K 2.62% 31.11K Šibenik
61%
14.29K 2.70% 41.87K Karlovac
60%
13.94K 2.06% 45.01K Slavonski Brod
60%
14.38K 2.03% 36.19K Varaždin
57%
11.19K 0.77% 2.19K Cres
51%
9.98K 1.38% 27.86K Sisak
51%
24.36K 2.09% 11.63K Rovinj
50%
19.05K 1.87% 3.52K Hvar
49%
5.70K 0.91% 16.87K Požega
47%
10.16K 0.87% 28.11K Vinkovci
47%
6.47K 0.92% 24.39K Bjelovar
46%
14.79K 1.99% 12.81K Makarska
45%
14.83K 1.36% 8.26K Knin
44%
8.55K 0.82% 6.36K Gospić
43%
5.90K 0.70% 22.26K Koprivnica
43%
18.33K 0.93% 5.70K Opatija
43%
6.52K 0.79% 15.08K Čakovec
42%
19.41K 1.63% 8.84K Poreč
42%
22.45K 1.33% 10.11K Trogir
42%
6.96K 0.42% 5.56K Mali Lošinj
40%
9.56K 0.95% 6.75K Umag
40%
8.07K 0.79% 4.16K Senj
37%
9.38K 0.64% 0.36K Rab
36%
6.91K 0.52% 21.00K Solin
36%
7.56K 0.53% 5.60K Biograd na Moru
34%
6.61K 0.42% 2.19K Cavtat
34%
9.79K 0.69% 5.99K Omiš
34%
6.49K 0.48% 12.96K Petrinja
34%
7.37K 1.17% 2.29K Novigrad
33%
7.56K 0.54% 6.24K Crikvenica
32%
5.90K 0.95% 10.77K Sinj
32%
8.01K 0.24% 0.40K Motovun
27%
9.55K 0.22% 0.05K Hum
22%
10.98K 0.06% 0.39K Smiljan
17%
No matching quizzes found
Score Distribution
Percent of People with Each Score
Percentile by Number Answered
Your Score History
You have not taken this quiz